000 00678nam a2200241Ia 4500
003 OSt
005 20220924121440.0
006 a|||||r|||| 00| 0
007 ta
008 220923b |||||||| |||| 00| 0 san d
024 _a44264
037 _cTextual
040 _aARTS
_cARTS
_bsan
041 _2san
_asan
082 _aO15,1M75,l, M2
100 _aRamanarayana Bellamkonda
_9185887
245 0 _aSri Krishna Lila tarangini
260 _aHyderabad
_bUsmaniya Vishvavidyalaya India
_c1982
300 _a167p.
_ccm.
650 _aSANSKRIT LITERATURE
942 _hO15,1M75,l, M2
_cTEXL
_2CC
999 _c407527
_d407527